Predicting the properties of mixtures: Mixture rules in science and engineering (Record no. 29006)

MARC details
000 -LEADER
fixed length control field 00333nam a2200109Ia 4500
082 ## - DEWEY DECIMAL CLASSIFICATION NUMBER
Classification number 541.41
Item number NIE
100 ## - MAIN ENTRY--AUTHOR NAME
Personal name Nielsen, Lawrence E
245 #0 - TITLE STATEMENT
Title Predicting the properties of mixtures: Mixture rules in science and engineering
260 ## - PUBLICATION, DISTRIBUTION, ETC. (IMPRINT)
Place of publication New York
Name of publisher Marcel Dekker
Year of publication 1978
942 ## - ADDED ENTRY ELEMENTS (KOHA)
Koha item type Books
Holdings
Withdrawn status Lost status Damaged status Not for loan Home library Current library Date acquired Cost, normal purchase price Full call number Accession Number Koha item type
        RRII Library RRII Library 16/12/2021 12.50 541.41 NIE 09596 Books